Malé štáty v Európskej únii diplomová práca

Gespeichert in:
Bibliographische Detailangaben
1. Verfasser: Rusiňák, Peter, 1985-
Körperschaft: Fakulta medzinárodných vzťahov EU. Katedra medzinárodných politických vzťahov
Weitere Verfasser: Škvrnda, František
Format: Buch
Sprache:Slowakisch
Veröffentlicht: Bratislava 2009
Tags: Tag hinzufügen
Keine Tags, Fügen Sie das erste Tag hinzu!

MARC

LEADER 00000nam$a2200000$$$4500
001 0097213
005 20240318140640.6
041 0 |a slo 
044 |a SK 
245 1 0 |a Malé štáty v Európskej únii  |b diplomová práca  |c Peter Rusiňák ; škol. František Škvrnda 
264 1 |a Bratislava  |c 2009 
300 |a 63 s. 
100 1 |a Rusiňák, Peter, 1985- 
700 1 |a Škvrnda, František 
710 2 |a Fakulta medzinárodných vzťahov EU. Katedra medzinárodných politických vzťahov